000 00495nam a2200169Ia 4500
999 _c26871
_d26871
003 OSt
005 20210107134115.0
008 190216s9999||||xx |||||||||||||| ||und||
040 _coclc
082 _a494.81282421
_bGOP/B
100 _aGopalakrishnan, K
_94189
245 0 _aBhasharachana /
_cK Gopalakrishnan
260 _bPoorna Publications,
_aKozhikode:
_c1986.
300 _a59p
650 _aPadanam
942 _cBK
_2ddc
_h494.81282421
_iGOP/B
_k494.81282421
_mGOP/B